• 首页
  • 本馆介绍
  • 公告通知
  • 最新文献
  • 馆藏检索
  • 电子资源
  • 读者导购
  • 参考咨询
  • 我的图书馆
  • 登录
  • 详细信息显示
  • 放入我的书架
  • 预约/预借图书
  • 作者相关作品
  • 分类相关作品
  • 丛书相关作品
  • 出版社相关作品

书目信息

  • 表格格式
  • 工作单格式
  • 卡片格式
题名:
经济学人的飘一代
    
 
作者:
分册:  
出版信息: 北京   中国青年出版社  2003
页数: 199页
开本: 21cm
丛书名: 博士咖啡
单 册:
中图分类: F0-53
科图分类:
主题词: 经济学--文集
电子资源:
ISBN: 7-5006-5025-6
000 01022nam0 2200325 450
000 00985nam0 2200313 450
000 00983nam0 2200325 450
000 00929nam0 2200301 450
000 00936nam0 2200289 450
000 00899nam0 2200277 45
001 TS2006003235
005 20061203105904.76
010    @a7-5006-5025-6@dCNY12.00
100    @a20060829d2003 em y0chiy0110 ea
101 0  @achi
102    @aCN@b110000
105    @ay z 000yy
200 1  @a经济学人的飘一代@Ajing ji xue ren de piao yi dai
210    @a北京@c中国青年出版社@d2003
215    @a199页@d21cm
225 2  @a博士咖啡@h第一辑
330    @a本书包括热点聚焦;财经评论;随笔;喜欢经济学的理由;本期对话:经济学人的飘一代等内容。
333    @a读者对象:一般读者。
410  0 @12001 @a博士咖啡
606    @a经济学@x文集
690    @aF0-53@v4
801  0 @aCN@b中图数据@c20061203
905    @a10447@dF0-53@e251
    
    经济学人的飘一代.-北京:中国青年出版社,2003
    199页;21cm.-(博士咖啡.第一辑)
    使用对象:读者对象:一般读者。
    
    ISBN 7-5006-5025-6:CNY12.00
    本书包括热点聚焦;财经评论;随笔;喜欢经济学的理由;本期对话:经济学人的飘一代等内容。
●
相关链接 在E读中查询图书 在五车中查询图书 在当当中查询图书 在豆瓣中查询图书


正题名:经济学人的飘一代     索取号:F0-53/251         预约/预借

序号 登录号 条形码 馆藏地/架位号 状态 备注
1 0605941   206059414   第一样本阅览室/ [索取号:F0-53/251] 在馆    
2 0605942   206059423   第一借阅区/ [索取号:F0-53/251] 在馆    
3 0605943   206059432   第一借阅区/ [索取号:F0-53/251] 在馆    
4 0605944   206059441   第一借阅区/ [索取号:F0-53/251] 在馆    
唐山师范学院图书馆 欢迎您!
大连网信软件有限公司© 版权所有